|
|
|
|
| LEADER |
02398nam a2200433 a 4500 |
| 001 |
EBC589295 |
| 003 |
MiAaPQ |
| 005 |
20200520144314.0 |
| 006 |
m o d | |
| 007 |
cr cn||||||||| |
| 008 |
050124s2004 enk s 100 0 eng |
| 010 |
|
|
|z 2005295182
|
| 015 |
|
|
|a GBA4X4992
|2 bnb
|
| 016 |
7 |
|
|z 012876074
|2 Uk
|
| 020 |
|
|
|z 071906001X
|
| 020 |
|
|
|z 0719060028 (pbk.)
|
| 035 |
|
|
|a (MiAaPQ)EBC589295
|
| 035 |
|
|
|a (Au-PeEL)EBL589295
|
| 035 |
|
|
|a (CaPaEBR)ebr10096099
|
| 035 |
|
|
|a (CaONFJC)MIL73403
|
| 035 |
|
|
|a (OCoLC)209683344
|
| 040 |
|
|
|a MiAaPQ
|c MiAaPQ
|d MiAaPQ
|
| 043 |
|
|
|a e------
|
| 050 |
|
4 |
|a JZ1570.A5
|b R48 2004
|
| 082 |
0 |
4 |
|a 327.4
|2 22
|
| 245 |
0 |
0 |
|a Rethinking European Union foreign policy
|h [electronic resource] /
|c Ben Tonra and Thomas Christiansen, editors.
|
| 260 |
|
|
|a Manchester :
|b Manchester University Press,
|c 2004.
|
| 300 |
|
|
|a 175 p.
|
| 490 |
1 |
|
|a Europe in change
|
| 505 |
0 |
|
|t 1. The study of EU foreign policy : between international relations and European studies /
|r Ben Tonra, Thomas Christiansen --
|t 2. Theorizing the European Union's foreign policy /
|r Knud Erik J{ostrok}rgensen --
|t 3. International relations or European integration : is the CFSP sui generis? /
|r Jakob C. hrgaard --
|t 4. Foreign policy analysis and European foreign policy /
|r Brian Whit --
|t 5. Discourse analysis in the study of European foreign policy /
|r Henrk Larsen --
|t 6. Role identity and the Europeanisation of foreign policy : a political-cultural approach /
|r Lisbeth Aggestann --
|t 7. Interests, institutions and identities in the study of European foreign policy /
|r Adrien Hyde-Price --
|t 8. Theory and practice of multi-level foreign policy : the European Union's policy in the field of arms export controls /
|r Sibylle Bauer, Eric Remacle --
|t 9. Justifying EU foreign policy : the logics underpinning EU enlargement /
|r Helen Sjursen, Karen E. Smith.
|
| 533 |
|
|
|a Electronic reproduction. Ann Arbor, MI : ProQuest, 2015. Available via World Wide Web. Access may be limited to ProQuest affiliated libraries.
|
| 610 |
2 |
0 |
|a European Union.
|
| 651 |
|
0 |
|a European Union countries
|x Foreign relations.
|
| 655 |
|
4 |
|a Electronic books.
|
| 700 |
1 |
|
|a Tonra, Ben.
|
| 700 |
1 |
|
|a Christiansen, Thomas.
|
| 710 |
2 |
|
|a ProQuest (Firm)
|
| 830 |
|
0 |
|a Europe in change.
|
| 856 |
4 |
0 |
|u https://ebookcentral.proquest.com/lib/matrademy/detail.action?docID=589295
|z Click to View
|